Bank supervition annual report 2021 : (Record no. 31454)
[ view plain ]
| 000 -LEADER | |
|---|---|
| fixed length control field | 00473nam a22001337a 4500 |
| 008 - FIXED-LENGTH DATA ELEMENTS--GENERAL INFORMATION | |
| fixed length control field | 220909b |||||||| |||| 00| 0 eng d |
| 050 ## - LIBRARY OF CONGRESS CALL NUMBER | |
| Classification number | HG3881 .B36 2021 |
| Item number | .B36 2021 |
| 245 ## - TITLE STATEMENT | |
| Title | Bank supervition annual report 2021 : |
| Remainder of title | Central bank of kenya/ |
| Statement of responsibility, etc. | Central Bank of Kenya |
| 260 ## - PUBLICATION, DISTRIBUTION, ETC. (IMPRINT) | |
| Place of publication, distribution, etc. | Nairobi : |
| Name of publisher, distributor, etc. | Central Bank |
| Date of publication, distribution, etc. | 2021 |
| 300 ## - PHYSICAL DESCRIPTION | |
| Extent | ix,120p. : |
| Other physical details | ill. ; |
| 650 ## - SUBJECT ADDED ENTRY--TOPICAL TERM | |
| Topical term or geographic name as entry element | Economic assistance |
| 650 ## - SUBJECT ADDED ENTRY--TOPICAL TERM | |
| Topical term or geographic name as entry element | Banks and banking |
| 942 ## - ADDED ENTRY ELEMENTS (KOHA) | |
| Source of classification or shelving scheme | |
| Koha item type | Periodicals, Journals |
| Classification part | HG3881 .B36 2021 |
| Withdrawn status | Lost status | Source of classification or shelving scheme | Damaged status | Not for loan | Home library | Current library | Shelving location | Date acquired | Source of acquisition | Total Checkouts | Full call number | Barcode | Date last seen | Price effective from | Koha item type |
|---|---|---|---|---|---|---|---|---|---|---|---|---|---|---|---|
| MACHAKOS UNIVERSITY LIBRARY | MACHAKOS UNIVERSITY LIBRARY | Reference | 09/09/2022 | Donation | HG3881 .B36 2021 | 39229 | 09/09/2022 | 09/09/2022 | Periodicals, Journals | ||||||
| MACHAKOS UNIVERSITY LIBRARY | MACHAKOS UNIVERSITY LIBRARY | Reference | 09/09/2022 | Donation | HG3881 .B36 2021 | 39230 | 09/09/2022 | 09/09/2022 | Periodicals, Journals |